000 00556nam a2200193 a 4500
001 17008
003 CO-ViMGA
008 141112s2004 ck r 000 u spa d
020 _a8424918495
040 _aCO-ViMGA
_bspa
_cCO-ViMGA
082 0 4 _a418.02 M145t
100 1 _aMaillot, Jean
_924102
245 1 0 _aLa traducción científica y tecnica
260 _aMadríd (España),
_cGredos,
_c1997
300 _a379.p.
590 _aForma de adquisición : Premio - Mincultura
650 1 4 _aTRADUCCION E INTERPRETACION - ENSEÑANZA
_924103
942 _2ddc
_cBK
999 _c26624
_d26624